| 000 | 00759nam a2200217 a 4500 | ||
|---|---|---|---|
| 001 | 84333 | ||
| 003 | BD-RjUL | ||
| 005 | 20241120130415.0 | ||
| 008 | 241120s1979 bg ||||| |||| 00| 0 ben d | ||
| 035 | _a(BD-RjUL)84333 | ||
| 040 |
_aBD-RjUL _beng _cBD-RjUL |
||
| 041 | _aben | ||
| 082 |
_223 _a297 _bSAB 1979 |
||
| 100 |
_aশামসুজ্জুহা, মুহাম্মাদ _914342 |
||
| 245 |
_aবীথিকা / _cমাওলানা মুহাম্মাদ শামসুজ্জুহা |
||
| 260 |
_aদিনাজপুর : _bখিলাফতী খানকাহ শারীফ, _c১৯৭৯ |
||
| 300 |
_a৪২৭ পৃ.; _c২৪ সেমি. |
||
| 650 | _aইসলাম | ||
| 650 | _aIslam | ||
| 942 |
_2ddc _cBK |
||
| 999 |
_c84333 _d84333 |
||